000
00279nam a22001217a 4500
082
_a
823
_b
HAS/S
100
_a
HASAKO A
100
_a
IVAN G
245
_a
SANTA'S FAVOURITE STORY
260
_a
NEW YORK
_b
SCHOLASTIC INC
_c
1982
650
_a
ENGLISH STORY
_z
UNITED STATES
942
_c
BK
999
_c
7540
_d
7540